Ταξίδι στην Ελλάδα
Το 2ο αιώνα μ. Χ. άνθρωποι από όλο τον κόσμο επισκέπτονται την Ελλάδα. Ένας από αυτούς είναι και ο Ρωμαίος συγκλητικός Λεύκιος Τερέντιος που θα μας συνοδεύσει σ' ένα περιπετειώδες ταξίδι με αφετηρία τη Ρώμη και προορισμό τους εκπληκτικούς καλλιτεχνικούς και πολιτιστικούς θησαυρούς της Ελλάδας....
Saved in:
| Corporate Author: | |
|---|---|
| Format: | |
| Language: | Greek Italian |
| Published: |
[Χ. τ.] :
De Agostini Hellas,
c2001
|
| Series: | Συγκλονιστικές ανακαλύψεις και αρχαίοι πολιτισμοί ;
; 1 |
| Subjects: | |
| Tags: |
Add Tag
No Tags, Be the first to tag this record!
|
MARC
| LEADER | 00000cgm a2200000 i 4500 | ||
|---|---|---|---|
| 001 | 1/28490 | ||
| 008 | 021111s2001 ||| gre | ||
| 035 | |l 10068626 | ||
| 040 | |a GR-MY-UA |b gre |e aacr | ||
| 041 | 1 | |a gre |h ita | |
| 082 | 0 | |a 938 |2 (21) | |
| 245 | 1 | 0 | |a Ταξίδι στην Ελλάδα |h [μαγνητοσκόπηση] / |c Μια παραγωγή της Kos S. r. l. |
| 260 | |a [Χ. τ.] : |b De Agostini Hellas, |c c2001 | ||
| 300 | |a 1 βιντεοκασέτα (π. 30 λεπτ.); |b ομιλ., έγχρ.; |c 1/4 ιν. (1/2 ιν.) | ||
| 490 | 1 | |a Συγκλονιστικές ανακαλύψεις και αρχαίοι πολιτισμοί |v ; 1 | |
| 500 | |a Ντοκιμαντέρ | ||
| 500 | |a Μετάφραση του: Viaggio in Grecia | ||
| 500 | |a TVHS | ||
| 511 | |a Αφηγητής: Ηλίας Ζερβός | ||
| 520 | |a Το 2ο αιώνα μ. Χ. άνθρωποι από όλο τον κόσμο επισκέπτονται την Ελλάδα. Ένας από αυτούς είναι και ο Ρωμαίος συγκλητικός Λεύκιος Τερέντιος που θα μας συνοδεύσει σ' ένα περιπετειώδες ταξίδι με αφετηρία τη Ρώμη και προορισμό τους εκπληκτικούς καλλιτεχνικούς και πολιτιστικούς θησαυρούς της Ελλάδας. Χάρη στις τεράστιες δυνατότητες που μας προσφέρουν οι τεχνικές της τρισδιάστατης ψηφιακής απεικόνισης, θα ξαναδούμε την Κόρινθο και τη θαυμάσια αγορά της, το μοναδικό θέατρο της Επιδαύρου και, τέλος, την Ολυμπία με τους περίφημους αθλητικούς αγώνες και το μεγαλειώδη ναό του Δία | ||
| 521 | |a Ταινία κατάλληλη για όλους τους θεατές | ||
| 610 | 1 | 0 | |a Olympia (Greece : Ancient sanctuary) |x Antiquities. |
| 651 | 0 | |a Corinth (Greece) |x Antiquities. | |
| 651 | 0 | |a Greece |x Description and travel. | |
| 651 | 0 | |a Epidaurus (Extinct city) | |
| 651 | 0 | |a Greece |x Antiquities. | |
| 710 | 2 | |a Kos Advanced Communication Mix (Εταιρεία) | |
| 830 | 0 | |a Συγκλονιστικές ανακαλύψεις και αρχαίοι πολιτισμοί ; |v ; 1 | |
| 852 | |a INST |b SYROS |c AV |e 20021111 |h 938 ΤΑΞ |p 005500007256 |q 005500007256 |t VC |y 23 | ||
| 909 | |a Ε |b 089084 | ||
| 970 | |a ΜΑΝΩΛΑΡΑΚΗ |b ΜΑΡΙΑ |z 2002/11/11 | ||